| 000 | 01020nas a2200313 4500 | ||
|---|---|---|---|
| 001 | BR0601634 | ||
| 003 | BR-BrBNA | ||
| 005 | 20231205105938.0 | ||
| 007 | ta | ||
| 008 | 230509b bl.|||p| |||| 00| 00por d | ||
| 040 |
_aBR-BrBNA _bpor _cBiblioteca Nacional de Agricultura |
||
| 041 | _a(Pt) | ||
| 072 | _aQ54; L51 | ||
| 100 | 1 | _aPereira, V.L.A. | |
| 100 | 1 | _aSilva, V.M. da | |
| 100 | 1 | _aLira, M. de A. | |
| 100 | 1 | _aBatista, Â.M.V. | |
| 100 | 1 | _aBarbosa, A.A. | |
| 245 | 1 | _aComposição bromatológica, consumo voluntário e digestibilidade do restolho de sorgo forrageiro (Sorghum bicolor (L.)var. Sart)amonizado com uréia | |
| 650 | _aOVINO | ||
| 650 | _aNUTRIÇÃO ANIMAL | ||
| 650 | _aSORGO FORRAGEIRO | ||
| 650 | _aBROMATOLOGIA | ||
| 650 | _aCOMPOSIÇÃO QUÍMICA | ||
| 650 | _aVALOR NUTRITIVO | ||
| 773 | 0 |
_tRevista Científica de Produção Animal (Brazil) _xISSN 1415-563X _g(Jul-Dec 2004), v. 6(2) p. 9-15 _wBR0601634 |
|
| 909 |
_a202311 _bLúcia _c55 _dLúcia Elande |
||
| 942 |
_2AGRIS _n0 _cANA |
||
| 999 |
_c185486 _d185486 |
||